000 01002nam a2200277 a 4500
003 OSt
005 20250730104534.0
008
020 _a9780702047473 (Paperback)
040 _aNUST
_cNUST
_beng
_dNUST
_erda
050 _aQM551 YOU
100 1 _aYoung, Barbara
_aAuthor
245 1 0 _aWheater's functional histology :
_ba text and colour atlas /
_cBarbara Young, Geraldine O'Dowd and Phillip Woodford.
250 _aSixth edition.
260 _aPhiladelphia, PA :
_bChurchill Livingstone,
_c©2014.
300 _ax 452 pages :
_bIllustrations ;
_c30 cm.
336 _atext
_btxt
_2rdacontent
337 _aunmediated
_bn
_2rdamedia
338 _avolume
_bn
_2rdacarrier
504 _aIncludes bibliographical references and index.
650 1 _vHistology -- Atlases.
650 1 _vHistology.
700 _aO'Dowd, Geraldine
_eAuthor
700 _aWoodford, Phillip
_eAuthor
942 _cBOOKS
_kQM
_mYOU
_2lcc
_eSixth edition.
_hQM551 YOU
_n0
999 _c120434
_d120434